000 00385nam a22001697a 4500
003 OSt
005 20211223145421.0
008 211223b |||||||| |||| 00| 0 eng d
020 _a025624431X
040 _cHU
082 _a658
100 _aHILL,CHARLESS,W.L
_924700
245 _aGLOBAL BUSINESS TODAY
260 _aLONDON
_bLTD
_c2008
300 _a506
942 _2ddc
_cBOOKS
_n0
999 _c23777
_d23777